000 00293nam a22001337a 4500
008 171101b xxu||||| |||| 00| 0 eng d
020 _a9780071459310
041 _aeng
080 _a33
100 _a59
101 _aBUS
245 _aTHE OUTSIDE-IN CORPORATION
_cBUND,B.E
942 _2udc
_cBK
999 _c36982
_d36982